| 000 | 00728cam a2200205 4500 | ||
|---|---|---|---|
| 001 | ABS60826 | ||
| 008 | 000000n1999 000 0 eng u | ||
| 035 | _a(Sirsi) u101327 | ||
| 100 | _aKnutt, E. | ||
| 245 | _aComing in from the cold. | ||
| 260 | _c1999 | ||
| 490 |
_aBuilding _v264(8093) 25 June 1999, 40-51(10) |
||
| 520 | _aDiscusses opportunities for UK construction firms in Russia, following the slump in the Russian economy last year. Suggests that the situation has now stabilised and that those firms who stayed may soon be able to reap the rewards of their patience. | ||
| 650 | _aRUSSIA | ||
| 650 | _aCONSTRUCTION INDUSTRY | ||
| 650 | _aECONOMICS | ||
| 650 | _aMOSCOW | ||
| 690 | _aOVERSEAS | ||
| 942 | _n0 | ||
| 999 |
_c60475 _d60475 |
||